[Event "Laval XIV"]
[Site "Laval CAN"]
[Date "1997.04.13"]
[Round "4"]
[White "Schelifer, Michael"]
[Black "Lacroix, Serge"]
[Result "1-0"]
[WhiteElo "2343"]
[BlackElo "1983"]
[PlyCount "55"]
[EventDate "1997.04.11"]
[EventType "swiss"]
[EventRounds "5"]
[EventCountry "CAN"]

1. c4 Nf6 2. Nc3 e6 3. e4 d5 4. e5 Nfd7 5. cxd5 exd5 6. d4 Bb4 7. a3 Bxc3+ 8.
bxc3 Nb6 9. Bd3 Nc6 10. Qh5 Be6 11. Ne2 Qd7 12. h3 g6 13. Qf3 Ne7 14. g4 O-O-O
15. Bh6 Nc4 16. a4 a5 17. O-O c5 18. Rab1 Qc7 19. Rb5 cxd4 20. cxd4 Nc6 21. Bg7
Rhg8 22. Bf6 Rd7 23. Bxc4 dxc4 24. d5 Nxe5 25. Qg3 Bxd5 26. Bxe5 Qd8 27. Nd4
Bc6 28. Nxc6 1-0

[Event "Laval XIV"]
[Site "Laval CAN"]
[Date "1997.04.13"]
[Round "5"]
[White "Goldenberg, Danny"]
[Black "Lacroix, Serge"]
[Result "1-0"]
[WhiteElo "2209"]
[BlackElo "1983"]
[PlyCount "53"]
[EventDate "1997.04.11"]
[EventType "swiss"]
[EventRounds "5"]
[EventCountry "CAN"]

1. e4 e5 2. Nf3 Nc6 3. Bc4 Nf6 4. d3 Bc5 5. O-O d6 6. c3 a6 7. Bb3 Qe7 8. Nbd2
Be6 9. Bc2 O-O-O 10. b4 Bb6 11. a4 a5 12. Ba3 axb4 13. cxb4 Nd4 14. a5 Ba7 15.
Ba4 Bg4 16. Bb2 d5 17. a6 bxa6 18. h3 Bh5 19. Bxd4 Bxd4 20. Bc6 Nd7 21. Rxa6
Qxb4 22. Ra8+ Nb8 23. g4 Rd6 24. exd5 Bg6 25. Ne4 h5 26. Nxd4 exd4 27. Qb1 1-0

[Event "Vers la maitrise III"]
[Site "Montreal CAN"]
[Date "1997.04.22"]
[Round "1"]
[White "Abouchakra, Khaled"]
[Black "Lacroix, Serge"]
[Result "1/2-1/2"]
[WhiteElo "1900"]
[BlackElo "2009"]
[PlyCount "103"]
[EventDate "1997.04.01"]
[EventType "tourn"]
[EventRounds "9"]
[EventCountry "CAN"]

1. d4 Nf6 2. c4 e6 3. Nf3 Bb4+ 4. Bd2 c5 5. Bxb4 cxb4 6. e3 O-O 7. Bd3 b6 8.
O-O Bb7 9. Nbd2 d5 10. Rc1 a5 11. b3 Nbd7 12. Bb1 Qe7 13. Re1 Rfd8 14. Qc2 Ne4
15. Nxe4 dxe4 16. Nd2 Nf6 17. f3 exf3 18. gxf3 Rac8 19. Re2 e5 20. Qd1 exd4 21.
exd4 Qd6 22. d5 Qc5+ 23. Kh1 Bxd5 24. Qe1 Bb7 25. Ne4 Nxe4 26. Bxe4 Bxe4 27.
Rxe4 Qf5 28. Qe2 g6 29. Re1 h5 30. Qe3 Kg7 31. Rf4 Qc5 32. Qe7 Qxe7 33. Rxe7
Rd1+ 34. Kg2 Rf8 35. Rfe4 Rd2+ 36. Re2 Rxe2+ 37. Rxe2 Kf6 38. Rd2 Re8 39. Kf2
Re6 40. Rd5 Ke7 41. Rb5 f6 42. h4 Kd7 43. f4 f5 44. c5 bxc5 45. Rxc5 Ra6 46.
Ke3 a4 47. Rb5 axb3 48. axb3 Re6+ 49. Kf3 Rc6 50. Rxb4 Rc3+ 51. Kg2 Kc6 52. Rb8
1/2-1/2

[Event "Vers la maitrise III"]
[Site "Montreal CAN"]
[Date "1997.04.29"]
[Round "3"]
[White "Lacroix, Serge"]
[Black "Balogh, Alex"]
[Result "0-1"]
[WhiteElo "2009"]
[BlackElo "2022"]
[Annotator "Incomplete"]
[PlyCount "82"]
[EventDate "1997.04.01"]
[EventType "tourn"]
[EventRounds "9"]
[EventCountry "CAN"]

1. e4 c5 2. Nf3 Nc6 3. d4 cxd4 4. Nxd4 Nf6 5. Nc3 d6 6. Bg5 e6 7. Qd2 a6 8.
O-O-O h6 9. Bf4 Bd7 10. Nb3 Ne5 11. Bxe5 dxe5 12. Bd3 Qc7 13. f3 b5 14. g4 b4
15. Ne2 a5 16. Kb1 a4 17. Nbc1 Bc6 18. c3 Rb8 19. Ka1 Nd7 20. h4 b3 21. Kb1
bxa2+ 22. Kxa2 Nc5 23. Bc4 Be7 24. g5 h5 25. g6 f6 26. Nd3 Nb3 27. Qe3 Bd7 28.
Bxb3 axb3+ 29. Kb1 Qa5 30. Kc1 Bb5 31. Kb1 Qa2+ 32. Kc1 Bxd3 33. Qxd3 Qa1+ 34.
Qb1 Qa6 35. Qd3 Qa1+ 36. Qb1 Qa4 37. Rd2 Bc5 38. Rd3 O-O 39. Rhd1 Rfc8 40. Rd7
Qa2 41. Qd3 Qa5 {etc. etc.} 0-1

[Event "Vers la maitrise III"]
[Site "Montreal CAN"]
[Date "1997.05.06"]
[Round "4"]
[White "Dumouchel, Alain"]
[Black "Lacroix, Serge"]
[Result "0-1"]
[WhiteElo "2007"]
[BlackElo "2009"]
[PlyCount "118"]
[EventDate "1997.04.01"]
[EventType "tourn"]
[EventRounds "9"]
[EventCountry "CAN"]

1. d4 Nf6 2. Bg5 e6 3. e4 h6 4. Bxf6 Qxf6 5. Nc3 Bb4 6. e5 Qe7 7. f4 d6 8. Nf3
dxe5 9. fxe5 c5 10. a3 cxd4 11. Qxd4 Nc6 12. Bb5 Bxc3+ 13. Qxc3 Bd7 14. O-O a6
15. Ba4 O-O 16. Rad1 Rac8 17. Bb3 Nb8 18. Qe1 Bb5 19. Rf2 Rfd8 20. Rxd8+ Rxd8
21. c4 Bc6 22. Qe3 Bxf3 23. gxf3 Nc6 24. Rg2 Nd4 25. Qxh6 Nf5 26. Qg5 Qc5+ 27.
Kh1 Rd4 28. Bc2 Qxc4 29. Be4 b5 30. Rg1 Qe2 31. Qg2 Qxg2+ 32. Rxg2 Ne3 33. Rg1
Nc4 34. Rc1 g6 35. b3 Nxe5 36. Rc8+ Kg7 37. Bb7 Rd2 38. Ra8 Rd3 39. Kg2 Rxb3
40. Rxa6 Nc4 41. a4 bxa4 42. Rxa4 Ne3+ 43. Kf2 Nd1+ 44. Ke1 Nb2 45. Ra7 Nd3+
46. Ke2 g5 47. Bc6 Nf4+ 48. Ke1 Rb8 49. Kd2 Kg6 50. Be4+ f5 51. Bc2 Rh8 52. Bb3
Rxh2+ 53. Ke3 Re2+ 54. Kd4 e5+ 55. Kc5 Re3 56. Ra6+ Kh5 57. Bd1 Rc3+ 58. Kb4
Nd5+ 59. Ka4 Rc1 0-1

[Event "Vers la maitrise III"]
[Site "Montreal CAN"]
[Date "1997.05.15"]
[Round "4"]
[White "Grondin, Jean-Philippe"]
[Black "Lacroix, Serge"]
[Result "1-0"]
[WhiteElo "2031"]
[BlackElo "2009"]
[Annotator "Incomplete"]
[PlyCount "64"]
[EventDate "1997.04.01"]
[EventType "tourn"]
[EventRounds "9"]
[EventCountry "CAN"]

1. e4 e5 2. Nf3 Nc6 3. Bb5 a6 4. Ba4 Nf6 5. O-O Be7 6. Bxc6 dxc6 7. d3 Qd6 8.
Nbd2 Be6 9. b3 b5 10. d4 Nd7 11. Bb2 exd4 12. Nxd4 Bf6 13. N2f3 Ne5 14. Nxe5
Bxe5 15. f4 Bxd4+ 16. Qxd4 Qxd4+ 17. Bxd4 f6 18. f5 Rd8 19. Bc3 Bc8 20. b4 Kf7
21. Rf3 Rhe8 22. Re1 Re7 23. Kf2 Rde8 24. Rf4 Rd8 25. Ke3 Red7 26. Rf2 Rd1 27.
Rxd1 Rxd1 28. Rd2 Rxd2 29. Bxd2 g6 30. g4 h5 31. fxg6+ Kxg6 32. gxh5+ Kxh5 {
etc.} 1-0

[Event "Vers la maitrise III"]
[Site "Montreal CAN"]
[Date "1997.05.20"]
[Round "5"]
[White "Lacroix, Serge"]
[Black "Rouleau, Paul"]
[Result "1/2-1/2"]
[WhiteElo "2009"]
[BlackElo "1913"]
[Annotator "Incomplete"]
[PlyCount "48"]
[EventDate "1997.04.01"]
[EventType "tourn"]
[EventRounds "9"]
[EventCountry "CAN"]

1. e4 e5 2. Nf3 Nc6 3. Bb5 a6 4. Ba4 Nf6 5. O-O b5 6. Bb3 Be7 7. Re1 d6 8. h3
Na5 9. c3 Nxb3 10. Qxb3 O-O 11. d4 Bb7 12. Nbd2 Nd7 13. Nf1 c5 14. Ng3 Bf6 15.
dxc5 Nxc5 16. Qc2 Qc7 17. Bg5 Bxg5 18. Nxg5 h6 19. Nf3 Rfe8 20. Rad1 Rad8 21.
Nd2 d5 22. Nb3 Nxe4 23. Nxe4 dxe4 24. Nd2 Qc6 {etc.} 1/2-1/2

[Event "Vers la maitrise III"]
[Site "Montreal CAN"]
[Date "1997.06.03"]
[Round "8"]
[White "Fillion, Robert"]
[Black "Lacroix, Serge"]
[Result "1-0"]
[WhiteElo "1870"]
[BlackElo "2009"]
[PlyCount "68"]
[EventDate "1997.04.01"]
[EventType "tourn"]
[EventRounds "9"]
[EventCountry "CAN"]

1. c4 e5 2. g3 c6 3. Nf3 e4 4. Nd4 Nf6 5. Bg2 d5 6. cxd5 cxd5 7. O-O Qb6 8. Nb3
Bd6 9. d3 Bf5 10. Be3 Qd8 11. Nc3 Qe7 12. Bg5 Qe6 13. Nd4 Qe5 14. Ncb5 Bc5 15.
Bf4 Bxd4 16. Bxe5 Bxe5 17. d4 a6 18. dxe5 axb5 19. exf6 Be6 20. fxg7 Rg8 21. a4
b4 22. f4 f5 23. Qd4 Nc6 24. Qf6 Kd7 25. Bh3 Ne7 26. Rfc1 Ra6 27. Rc7+ Kxc7 28.
Qxe7+ Kb8 29. Bxf5 Bc8 30. Bxc8 Rxc8 31. Qf8 Rg6 32. Rc1 Rgc6 33. Qxc8+ Rxc8
34. Rxc8+ Kxc8 1-0

[Event "Mauricie op"]
[Site "Trois-Rivieres CAN"]
[Date "1997.03.19"]
[Round "1"]
[White "Girard, Robin"]
[Black "Lacroix, Serge"]
[Result "1-0"]
[WhiteElo "2314"]
[BlackElo "2030"]
[Annotator "Incomplete"]
[PlyCount "76"]
[EventDate "1997.03.14"]
[EventType "swiss"]
[EventRounds "5"]
[EventCountry "CAN"]

1. e4 e5 2. Nf3 Nc6 3. Bb5 a6 4. Bxc6 dxc6 5. O-O Ne7 6. d4 exd4 7. Nxd4 c5 8.
Nb3 Qxd1 9. Rxd1 Ng6 10. Be3 b6 11. a4 a5 12. Nc3 Bd7 13. Rd2 O-O-O 14. Rad1
Bd6 15. Nc1 Ne5 16. Nd3 Ng4 17. Bf4 Bxf4 18. Nxf4 Bc6 19. Nfd5 Bxd5 20. Nxd5
Rde8 21. f3 Ne5 22. b3 Nc6 23. c3 Ne7 24. Nxe7+ Rxe7 25. Kf2 Rf8 26. Rd5 Rfe8
27. h4 Re5 28. g4 Rxd5 29. Rxd5 Re7 30. h5 c6 31. Rf5 Kd7 32. g5 Ke8 33. Ke3
Re6 34. Rf4 Rd6 35. Ke2 Ke7 36. Rg4 b5 37. Rg1 g6 38. hxg6 hxg6 {etc.} 1-0

[Event "Mauricie op"]
[Site "Trois-Rivieres CAN"]
[Date "1997.03.15"]
[Round "2"]
[White "Chu, Stefanie"]
[Black "Lacroix, Serge"]
[Result "1-0"]
[WhiteElo "1697"]
[BlackElo "2030"]
[Annotator "Incomplete"]
[PlyCount "52"]
[EventDate "1997.03.14"]
[EventType "swiss"]
[EventRounds "5"]
[EventCountry "CAN"]

1. e4 e5 2. Nf3 Nc6 3. Bb5 a6 4. Ba4 Nf6 5. d3 b5 6. Bb3 Bc5 7. Bg5 d6 8. c3
Be6 9. Nbd2 Qe7 10. O-O O-O 11. Re1 Bb6 12. Nf1 h6 13. Be3 Bxe3 14. Nxe3 g6 15.
Bc2 Kg7 16. Qd2 Nd8 17. d4 Bg4 18. Nxg4 Nxg4 19. h3 Nf6 20. a4 Nb7 21. Bd3 c6
22. c4 exd4 23. Nxd4 bxc4 24. Bxc4 Nxe4 25. Qe3 Rfe8 26. Bd3 d5 {etc.} 1-0

[Event "Mauricie op"]
[Site "Trois-Rivieres CAN"]
[Date "1997.03.15"]
[Round "3"]
[White "Lacroix, Serge"]
[Black "Drolet, Stephane"]
[Result "1-0"]
[WhiteElo "2030"]
[BlackElo "1984"]
[PlyCount "96"]
[EventDate "1997.03.14"]
[EventType "swiss"]
[EventRounds "5"]
[EventCountry "CAN"]

1. e4 b6 2. d4 h6 3. Nc3 g5 4. h4 gxh4 5. Nf3 e6 6. Rxh4 Bb7 7. Bf4 Bb4 8. Bd3
Nc6 9. Rh3 Nce7 10. Qd2 h5 11. O-O-O Nf6 12. Qe2 Bxc3 13. bxc3 c6 14. c4 b5 15.
c5 Qa5 16. c4 Ng6 17. Be5 bxc4 18. Bxc4 Nxe5 19. Nxe5 Ke7 20. Rb3 Rab8 21. f3
h4 22. Qd2 Qc7 23. Bf1 Ba8 24. Nc4 Rxb3 25. axb3 Qg3 26. Qe1 Qh2 27. Rd2 Qh1
28. Ne5 Rb8 29. Kc2 Bb7 30. Qd1 Rg8 31. Bc4 Qh2 32. Qe2 Rg3 33. Qf2 Nh5 34. Ng4
Qh1 35. Kb2 Nf4 36. Ne3 Rg8 37. Rd1 Qh2 38. Qg1 Qg3 39. Rd2 h3 40. Nf1 Qxg2 41.
Qe3 Qg5 42. Nh2 Qg3 43. Nf1 Qh4 44. Nh2 Rg2 45. Kc3 a5 46. Ng4 Qg3 47. Bf1 h2
48. Rxg2 Qxg2 1-0

[Event "Mauricie op"]
[Site "Trois-Rivieres CAN"]
[Date "1997.03.16"]
[Round "4"]
[White "Lacroix, Serge"]
[Black "Laurain, Guy"]
[Result "0-1"]
[WhiteElo "2030"]
[BlackElo "2079"]
[PlyCount "53"]
[EventDate "1997.03.14"]
[EventType "swiss"]
[EventRounds "5"]
[EventCountry "CAN"]

1. e4 c5 2. Nf3 Nc6 3. d4 cxd4 4. Nxd4 Nf6 5. Nc3 d6 6. Bg5 e6 7. Qd2 h6 8.
Bxf6 gxf6 9. O-O-O a6 10. f4 h5 11. Kb1 Bd7 12. f5 Bh6 13. Qf2 Nxd4 14. Rxd4
Bf8 15. fxe6 fxe6 16. Bc4 Rh6 17. Rhd1 Qa5 18. Qd2 Rg6 19. Rxd6 Bxd6 20. Qxd6
O-O-O 21. Bxe6 Bxe6 22. Qxe6+ Kb8 23. Rxd8+ Qxd8 24. g3 Rg5 25. Nd5 Re5 26. Qf7
Rxe4 27. b3 0-1

[Event "Mauricie op"]
[Site "Trois-Rivieres CAN"]
[Date "1997.03.16"]
[Round "5"]
[White "Desjardins, Andre"]
[Black "Lacroix, Serge"]
[Result "1-0"]
[WhiteElo "2074"]
[BlackElo "2030"]
[PlyCount "87"]
[EventDate "1997.03.14"]
[EventType "swiss"]
[EventRounds "5"]
[EventCountry "CAN"]

1. g3 d5 2. Bg2 e5 3. d3 Nf6 4. Nf3 Bd6 5. O-O O-O 6. Nc3 c6 7. e4 h6 8. Nd2
Bg4 9. Ne2 Re8 10. h3 Bh5 11. g4 Bg6 12. Ng3 Nbd7 13. Nf5 Bxf5 14. gxf5 dxe4
15. dxe4 Nc5 16. Qe2 b5 17. Kh1 Bc7 18. Rg1 Qd4 19. Nb3 Nxb3 20. cxb3 Kh7 21.
Be3 Qb4 22. Bd2 Qd4 23. Be3 Qb4 24. Qc2 Bb6 25. a3 Qe7 26. Bxb6 axb6 27. Qxc6
Rac8 28. Qxb5 Rc2 29. Qxb6 Rec8 30. a4 R8c6 31. Qe3 Rxb2 32. Rgc1 Rd6 33. Rd1
Rc6 34. Rd2 Rcc2 35. Rxc2 Rxc2 36. a5 Qb4 37. a6 Rc3 38. a7 Rxe3 39. fxe3 Nxe4
40. a8=Q Nf2+ 41. Kg1 Nd3 42. f6 Qxb3 43. Be4+ g6 44. Qf8 1-0

[Event "Specialiste op"]
[Site "Montreal CAN"]
[Date "1997.02.22"]
[Round "2"]
[White "Latendresse, Simon"]
[Black "Lacroix, Serge"]
[Result "1-0"]
[WhiteElo "1787"]
[BlackElo "1891"]
[PlyCount "88"]
[EventDate "1997.02.21"]
[EventType "swiss"]
[EventRounds "5"]
[EventCountry "CAN"]

1. d4 Nf6 2. Nf3 e6 3. c4 Bb4+ 4. Bd2 Qe7 5. Qc2 Nc6 6. e3 d5 7. cxd5 Bxd2+ 8.
Nbxd2 Nb4 9. Qb3 Nbxd5 10. Rc1 c6 11. a3 O-O 12. Bd3 Nd7 13. Nc4 c5 14. O-O
cxd4 15. exd4 b6 16. Rfe1 Ba6 17. Bb1 N7f6 18. Nfe5 Rac8 19. Nd2 Nf4 20. Nd3
Rxc1 21. Nxc1 Rc8 22. Nd3 N6d5 23. Nxf4 Nxf4 24. Qf3 Ne2+ 25. Kh1 Nxd4 26. Qe4
Nf5 27. Qa4 Bb7 28. Bxf5 exf5 29. Qd1 Qd7 30. Qe2 g6 31. Nf3 Bxf3 32. Qxf3 Qd2
33. Rf1 Rc1 34. Kg1 Rxf1+ 35. Kxf1 Qc1+ 36. Ke2 Qxb2+ 37. Kd1 Qd4+ 38. Kc1 Qe4
39. Qg3 f4 40. Qg5 Qe1+ 41. Kc2 Qxf2+ 42. Kb3 Qe3+ 43. Ka2 Kg7 44. h4 f6 1-0

[Event "Specialiste op"]
[Site "Montreal CAN"]
[Date "1997.02.22"]
[Round "2"]
[White "Mitchell, Mitch"]
[Black "Lacroix, Serge"]
[Result "0-1"]
[WhiteElo "1335"]
[BlackElo "1964"]
[PlyCount "98"]
[EventDate "1997.02.21"]
[EventType "swiss"]
[EventRounds "5"]
[EventCountry "CAN"]

1. d4 Nf6 2. Bg5 Ne4 3. Bf4 d5 4. f3 Nf6 5. e4 dxe4 6. Nc3 exf3 7. Nxf3 c6 8.
Bc4 e6 9. a3 Nbd7 10. Qe2 Nb6 11. Bb3 Nbd5 12. Nxd5 Nxd5 13. Bxd5 cxd5 14. c4
dxc4 15. Qxc4 Qd5 16. Qxd5 exd5 17. Kf2 Be7 18. Rhe1 Be6 19. Rac1 b6 20. Rc7
Bd8 21. Rxe6+ fxe6 22. Rxg7 Bf6 23. Rc7 O-O 24. Ke3 Rf7 25. Rc6 Re8 26. Ne5
Bxe5 27. Bxe5 h5 28. h4 Kh7 29. g3 Kg6 30. Kd2 Kf5 31. Kc3 Rff8 32. Kb4 Rc8 33.
Kb5 Rxc6 34. Kxc6 Ke4 35. Kb7 Rf7+ 36. Kc6 Rf2 37. Kb7 Rxb2 38. Kxa7 Rb3 39.
Kb7 Kd3 40. Kc6 Kc4 41. Kd6 Rxa3 42. Kxe6 b5 43. Kf5 b4 44. Kg5 b3 45. Kxh5 b2
46. g4 b1=Q 47. g5 Qh7+ 48. Kg4 Qe4+ 49. Kh5 Rg3 0-1

[Event "Specialiste op"]
[Site "Montreal CAN"]
[Date "1997.02.23"]
[Round "4"]
[White "Lacroix, Serge"]
[Black "Pnevmonidis, Pantelis"]
[Result "1-0"]
[WhiteElo "1964"]
[BlackElo "1996"]
[PlyCount "54"]
[EventDate "1997.02.21"]
[EventType "swiss"]
[EventRounds "5"]
[EventCountry "CAN"]

1. e4 e6 2. d4 d5 3. Nc3 Bb4 4. e5 Ne7 5. a3 Bxc3+ 6. bxc3 b6 7. f4 Ba6 8. Bxa6
Nxa6 9. Nf3 Nb8 10. Be3 Nbc6 11. O-O Qd7 12. Qd3 Na5 13. Nd2 Qc6 14. g4 g6 15.
Bf2 h5 16. h3 O-O-O 17. Bh4 Rde8 18. Bf6 Rh6 19. Nf3 Ng8 20. Bg5 Rh8 21. f5
exf5 22. gxf5 Kb7 23. fxg6 fxg6 24. Kg2 Nh6 25. Bxh6 Rxh6 26. Kf2 Rh7 27. Rg1
Nc4 1-0

[Event "Specialiste op"]
[Site "Montreal CAN"]
[Date "1997.02.23"]
[Round "5"]
[White "Lacroix, Serge"]
[Black "Girard, Robin"]
[Result "0-1"]
[WhiteElo "1964"]
[BlackElo "2309"]
[PlyCount "84"]
[EventDate "1997.02.21"]
[EventType "swiss"]
[EventRounds "5"]
[EventCountry "CAN"]

1. e4 e5 2. Nf3 Nc6 3. Bb5 a6 4. Ba4 f5 5. Nc3 b5 6. Bb3 b4 7. Nd5 fxe4 8. Nxe5
Nxe5 9. Qh5+ Ng6 10. Nxc7+ Qxc7 11. Bxg8 Qe5 12. Qxe5+ Nxe5 13. Bd5 Rb8 14.
Bxe4 Bb7 15. Bxb7 Rxb7 16. d4 Nc4 17. b3 Nb6 18. a3 Nd5 19. axb4 Bxb4+ 20. Bd2
O-O 21. f3 Rb6 22. Bxb4 Nxb4 23. Kd2 Rc8 24. c4 Nc6 25. Kc3 Ne7 26. Rhe1 Nd5+
27. Kc2 Kf7 28. Re5 Nb4+ 29. Kc3 d6 30. Re4 Nd5+ 31. Kc2 Nf6 32. Re3 Re8 33.
Rxe8 Kxe8 34. Kc3 Kd7 35. Re1 d5 36. Ra1 Ne8 37. Ra5 Nc7 38. Ra1 Re6 39. Kd3
Rd6 40. Re1 Ne6 41. c5 Rc6 42. g3 Nc7 0-1

[Event "Specialiste op"]
[Site "Montreal CAN"]
[Date "1997.02.23"]
[Round "5"]
[White "Schleifer, Michael"]
[Black "Lacroix, Serge"]
[Result "1/2-1/2"]
[WhiteElo "2331"]
[BlackElo "1964"]
[PlyCount "119"]
[EventDate "1997.02.21"]
[EventType "swiss"]
[EventRounds "5"]
[EventCountry "CAN"]

1. d4 Nf6 2. c4 e6 3. Nf3 Bb4+ 4. Nbd2 b6 5. a3 Bxd2+ 6. Bxd2 Bb7 7. Bg5 h6 8.
Bh4 d6 9. e3 Nbd7 10. Bd3 Qe7 11. O-O g5 12. Bg3 Ne4 13. Bxe4 Bxe4 14. Nd2 Bb7
15. b4 h5 16. f3 f5 17. e4 f4 18. Bf2 a5 19. bxa5 Rxa5 20. a4 O-O 21. Nb3 Ra6
22. a5 Rfa8 23. Qd2 e5 24. Rfc1 Kh7 25. c5 bxc5 26. dxc5 Qe6 27. Rab1 Bc6 28.
cxd6 cxd6 29. Bb6 Ba4 30. Qb4 Bxb3 31. Qxb3 Qxb3 32. Rxb3 Nf6 33. Rc6 Ne8 34.
Rbc3 Kg6 35. Kf2 Kf6 36. g3 Ke6 37. gxf4 exf4 38. Rd3 Rxa5 39. Bxa5 Rxa5 40.
Rd2 g4 41. Rc4 Ra3 42. fxg4 hxg4 43. Kg2 Nf6 44. Rcd4 Ra6 45. h3 gxh3+ 46. Kf3
Ke5 47. R4d3 Ra5 48. Rh2 Nxe4 49. Kg4 Ra8 50. Kxh3 Rg8 51. Re2 d5 52. Kh2 Rg3
53. Rxg3 fxg3+ 54. Kg2 Kf4 55. Ra2 d4 56. Ra3 Nc3 57. Ra8 Nd5 58. Rf8+ Ke3 59.
Re8+ Kd3 60. Kf3 1/2-1/2

[Event "Carnaval"]
[Site "Quebec CAN"]
[Date "1997.01.24"]
[Round "1"]
[White "Lessard, Claude"]
[Black "Lacroix, Serge"]
[Result "0-1"]
[WhiteElo "1969"]
[BlackElo "1919"]
[PlyCount "66"]
[EventDate "1997.01.24"]
[EventType "swiss"]
[EventRounds "5"]
[EventCountry "CAN"]

1. d4 Nf6 2. Nc3 d5 3. Bg5 Bf5 4. Bxf6 exf6 5. e3 c6 6. Bd3 Bg6 7. Nf3 Qb6 8.
Qd2 Bd6 9. O-O-O Na6 10. Bxg6 hxg6 11. e4 Qc7 12. Qe2 O-O-O 13. exd5 Bf4+ 14.
Kb1 cxd5 15. Rhe1 Rd7 16. g3 Bh6 17. a3 Qc6 18. Nh4 Nc7 19. f4 Bxf4 20. Nf3 Bd6
21. Rd3 Re8 22. Qf2 Rde7 23. Rxe7 Rxe7 24. Nd2 Qe8 25. Nb3 b6 26. Qg2 Re1+ 27.
Ka2 Qe6 28. Nd2 a5 29. Na4 b5 30. Nc5 Bxc5 31. dxc5 a4 32. Rd4 Re2 33. Qf1 Qe3
0-1

[Event "Carnaval"]
[Site "Quebec CAN"]
[Date "1997.01.25"]
[Round "3"]
[White "Lacroix, Serge"]
[Black "Apostolov, Penka"]
[Result "0-1"]
[WhiteElo "1919"]
[BlackElo "1976"]
[PlyCount "94"]
[EventDate "1997.01.24"]
[EventType "swiss"]
[EventRounds "5"]
[EventCountry "CAN"]

1. e4 c5 2. Nf3 Nc6 3. d4 cxd4 4. Nxd4 Nf6 5. Nc3 d6 6. Bg5 e6 7. Qd2 a6 8.
O-O-O Bd7 9. f4 b5 10. a3 b4 11. axb4 Nxb4 12. e5 dxe5 13. fxe5 h6 14. Bxf6
gxf6 15. exf6 Qxf6 16. Nf5 Qg5 17. Ne3 Bc6 18. Nc4 Qxd2+ 19. Rxd2 Bc5 20. Kb1
Rd8 21. Rxd8+ Kxd8 22. Ne5 Be8 23. Be2 Ke7 24. Ne4 Bb6 25. c3 f6 26. Nxf6 Kxf6
27. Ng4+ Kg5 28. cxb4 Bg6+ 29. Ka2 Bd4 30. g3 Bf5 31. h4+ Kg6 32. Rd1 e5 33.
Bd3 Bxd3 34. Rxd3 Rb8 35. Ka3 Bxb2+ 36. Ka4 Bd4 37. Rf3 Rb6 38. Rd3 Kf5 39. Nh2
Ke4 40. Rb3 h5 41. Nf3 Rb5 42. Ng5+ Kd5 43. Rf3 Kc4 44. Ne6 Rxb4+ 45. Ka5 Rb5+
46. Ka4 Bc3 47. Rxc3+ Kxc3 0-1

[Event "Vers La Maitrise"]
[Site "Montreal CAN"]
[Date "1997.01.16"]
[Round "1"]
[White "Lalonde, Paul"]
[Black "Lacroix, Serge"]
[Result "0-1"]
[WhiteElo "1830"]
[BlackElo "1835"]
[PlyCount "72"]
[EventDate "1997.01.16"]
[EventType "swiss"]
[EventRounds "6"]
[EventCountry "CAN"]

1. e4 e5 2. Nf3 Nc6 3. Bb5 a6 4. Ba4 Nf6 5. d4 Nxe4 6. O-O b5 7. Bb3 d5 8. dxe5
Be6 9. c3 Bc5 10. Qe2 O-O 11. Bc2 Bf5 12. Be3 Bxe3 13. Qxe3 f6 14. Nh4 fxe5 15.
Nxf5 Rxf5 16. f3 Qf6 17. Na3 Rf8 18. Qe1 Qd6 19. Qe3 b4 20. cxb4 Qxb4 21. fxe4
Rxf1+ 22. Rxf1 Rxf1+ 23. Kxf1 Qxb2 24. exd5 Nb4 25. Bf5 Qa1+ 26. Qe1 Qd4 27.
Qb1 g6 28. Be6+ Kg7 29. Qc1 Qd3+ 30. Kg1 Qd4+ 31. Kh1 Nd3 32. Qxc7+ Kh6 33. Qc2
Nf2+ 34. Kg1 Ng4+ 35. Kh1 Qf4 36. Kg1 Qe3+ 0-1

[Event "Vers La Maitrise"]
[Site "Montreal CAN"]
[Date "1997.01.23"]
[Round "2"]
[White "Lacroix, Serge"]
[Black "Tisseur, Daniel"]
[Result "0-1"]
[WhiteElo "1835"]
[BlackElo "1855"]
[PlyCount "118"]
[EventDate "1997.01.16"]
[EventType "swiss"]
[EventRounds "6"]
[EventCountry "CAN"]

1. e4 c5 2. Nf3 Nc6 3. d4 cxd4 4. Nxd4 g6 5. Nc3 Bg7 6. Be3 Nf6 7. Bc4 Qa5 8.
O-O O-O 9. Bb3 a6 10. f3 d6 11. Qd2 Qe5 12. Rad1 Na5 13. Qf2 Nxb3 14. Nxb3 Be6
15. Bd4 Qh5 16. h4 Bxb3 17. axb3 Qa5 18. Ra1 Qd8 19. g4 Rc8 20. Rfd1 Qd7 21.
Ra5 Rc6 22. Nd5 Nxg4 23. fxg4 Qxg4+ 24. Kh2 Qxd1 25. Nxe7+ Kh8 26. Bxg7+ Kxg7
27. Nxc6 bxc6 28. Rxa6 Qg4 29. Qd4+ Kg8 30. Rxc6 Qxh4+ 31. Kg2 Qg4+ 32. Kf2
Qf4+ 33. Ke2 Qg4+ 34. Kd3 Qd1+ 35. Kc3 Qe1+ 36. Kc4 Re8 37. Kd5 Qa5+ 38. Kc4
Qe1 39. Rxd6 Rc8+ 40. Kb5 Rb8+ 41. Rb6 Ra8 42. b4 Qa1 43. Kc4 Rc8+ 44. Kb3 Ra8
45. b5 Ra3+ 46. bxa3 Qxd4 47. Rc6 Qxe4 48. a4 h5 49. a5 h4 50. c3 h3 51. a6 h2
52. a7 Qb1+ 53. Kc4 Qa2+ 54. Kc5 Qxa7+ 55. b6 Qa5+ 56. Kd6 h1=Q 57. b7 Qad5+
58. Ke7 Qe1+ 59. Kf6 Qf5# 0-1

[Event "Vers La Maitrise"]
[Site "Montreal CAN"]
[Date "1997.01.30"]
[Round "3"]
[White "Lacroix, Serge"]
[Black "Gravel, Simon M"]
[Result "1-0"]
[WhiteElo "1835"]
[BlackElo "1825"]
[PlyCount "55"]
[EventDate "1997.01.16"]
[EventType "swiss"]
[EventRounds "6"]
[EventCountry "CAN"]

1. e4 e6 2. d4 d5 3. Nc3 Bb4 4. e5 c5 5. a3 Bxc3+ 6. bxc3 Ne7 7. Nf3 Nbc6 8. a4
Qa5 9. Bd2 Bd7 10. Be2 f6 11. exf6 gxf6 12. dxc5 Qxc5 13. O-O e5 14. Qb1 b6 15.
Ne1 Ng6 16. Nd3 Qd6 17. Nb4 Rg8 18. Qb3 Nce7 19. c4 dxc4 20. Bxc4 Rg7 21. Bh6
Nf5 22. Bxg7 Nxg7 23. Rfd1 Qf8 24. Rxd7 Kxd7 25. Rd1+ Kc8 26. Bd5 Rb8 27. Na6
Ne7 28. Qc4+ 1-0

[Event "Vers La Maitrise"]
[Site "Montreal CAN"]
[Date "1997.02.06"]
[Round "4"]
[White "Prahov, Valentin"]
[Black "Lacroix, Serge"]
[Result "1/2-1/2"]
[WhiteElo "2175"]
[BlackElo "1835"]
[PlyCount "126"]
[EventDate "1997.01.16"]
[EventType "swiss"]
[EventRounds "6"]
[EventCountry "CAN"]

1. e4 e5 2. Nf3 Nc6 3. Bb5 a6 4. Ba4 Nf6 5. O-O Be7 6. Re1 b5 7. Bb3 d6 8. c3
O-O 9. h3 Nd7 10. d4 Nb6 11. Nbd2 exd4 12. cxd4 d5 13. e5 Bf5 14. Nf1 Na5 15.
Bc2 Bxc2 16. Qxc2 Rc8 17. Qf5 c5 18. Bf4 cxd4 19. Nxd4 Nc6 20. Nf3 Qd7 21. Qh5
Qe6 22. Rad1 Qg6 23. Qxg6 hxg6 24. Ne3 Rfd8 25. Ng4 d4 26. a3 Nc4 27. Bc1 Rd5
28. Rd3 Bc5 29. e6 f5 30. Ngh2 Re8 31. b4 Be7 32. Bf4 Bf6 33. h4 Re7 34. Re2
Nd8 35. Bg5 Rxe6 36. Kf1 Kf7 37. Bxf6 gxf6 38. Rxd4 Rxd4 39. Nxd4 Rxe2 40. Kxe2
Nxa3 41. Kd3 Ne6 42. g3 Nc4 43. Nhf3 Nc7 44. Nc6 Ke6 45. Kd4 Kd6 46. Nb8 Nb6
47. Kc3 Nc4 48. Nd4 Ne5 49. h5 gxh5 50. Nxf5+ Kd5 51. Ng7 Ng4 52. f3 Ne5 53.
Nxh5 Nxf3 54. Nxf6+ Ke5 55. Nfd7+ Kf5 56. Nc5 Nd5+ 57. Kb3 Nd4+ 58. Kb2 Nxb4
59. Nbxa6 Nxa6 60. Nxa6 Kg4 61. Kc3 Nc6 62. Nb4 Nxb4 63. Kxb4 Kxg3 1/2-1/2

[Event "Vers La Maitrise"]
[Site "Montreal CAN"]
[Date "1997.02.20"]
[Round "6"]
[White "Lacroix, Serge"]
[Black "Grondin, Jean-Philippe"]
[Result "1-0"]
[WhiteElo "1835"]
[BlackElo "2040"]
[PlyCount "41"]
[EventDate "1997.01.16"]
[EventType "swiss"]
[EventRounds "6"]
[EventCountry "CAN"]

1. e4 e5 2. Nf3 Nc6 3. Bb5 d6 4. d4 Bd7 5. dxe5 Nxe5 6. Nxe5 dxe5 7. Bg5 f6 8.
Bxd7+ Qxd7 9. Qxd7+ Kxd7 10. Be3 g6 11. Nc3 f5 12. O-O-O+ Ke6 13. exf5+ gxf5
14. f4 Bh6 15. Rd5 Re8 16. Rxe5+ Kd7 17. Rd1+ Kc8 18. Nb5 Nf6 19. Nd6+ Kb8 20.
Nxe8 Rxe8 21. Rxf5 1-0